000 02287cam a2200397 i 4500
999 _c9672
_d9672
001 830837405
003 OCoLC
005 20241126110716.0
008 130320s2013 ilu b 001 0 eng
010 _a2013002796
020 _a9781433503658
020 _a1433503654
035 _a(OCoLC)830837405
040 _aDLC
_beng
_erda
_cDLC
_dYDXCP
_dBTCTA
_dBDX
_dUKMGB
_dOCLCF
_dHNW
_dOCLCQ
_dVLB
_dMZN
042 _apcc
050 0 0 _aBS2575.53
_b.O36 2013
082 _a220.7
_bPRE
090 _aBS2341.52
_b.P74
100 1 _aO'Donnell, Douglas Sean,
_d1972-
_916816
245 1 0 _aMatthew :
_ball authority in heaven and on earth /
_cDouglas S. O'Donnell
264 1 _aWheaton, Illinois :
_bCrossway,
_c[2013]
300 _a1086 pages ;
_c24 cm
336 _atext
_btxt
_2rdacontent
337 _aunmediated
_bn
_2rdamedia
338 _avolume
_bnc
_2rdacarrier
490 1 _aPreaching the word
500 _aIncludes index
504 _aIncludes bibliographical references and index
520 _aJesus is King. Standing as a central theme of the Gospel of Matthew, Jesus kingly authority has profound implications for our lives todaychanging the way we view the world, interact with others, and respond to blessings and hardships. In this reader-friendly commentary, seasoned pastor Doug ODonnell leads us through the first book of the New Testament, highlighting key themes and offering contemporary illustrations for preaching. Drawing on years of pastoral experience, ODonnell helps us to see how Matthews various emphasesincluding Jesus messianic titles, fulfillment of Old Testament prophecy, teaching on the kingdom of heaven, and present and future role as judgeall relate to Christ's kingship over all of creation. Full of biblical insights aimed at both pastors and laypeople, this volume ultimately highlights Matthews call to all people to worship and obey Jesus, our humble King and gracious Savior
630 0 0 _aBible.
_pMatthew
_vCommentaries
_98392
630 0 0 _aBible.
_pMatthew
_xHomiletical use
_916817
700 1 _aHughes, R. Kent,
_d1942-,
_eeditor
_9917
776 0 8 _iOnline version:
_aO'Donnell, Douglas Sean, 1972-
_tMatthew.
_dWheaton, Illinois : Crossway, 2013
_z9781433539640
_w(DLC) 2013011742
830 0 _aPreaching the word
_916818
942 _2ddc
_cREF